[Event "AUTO-ADV-2940"]
[Site "http://www.queenalice.com/game.php?id=1210749"]
[Date "2013.8.23"]
[Round "1"]
[White "IlTurlaghino"]
[Black "dladuke7"]
[Result "1-0"]
[WhiteElo "1952"]
[BlackElo "1601"]

1. d4 d5 2. c4 Nf6 3. Nc3 Be6 4. Qb3 b6 5. e3 dxc4 6. Bxc4 Bxc4 7. Qxc4 e6 8.
Nge2 Bd6 9. e4 O-O 10. e5 Be7 11. exf6 Bxf6 12. Bf4 c5 13. Rd1 Nc6 14. dxc5 Qb8
15. Bxb8 Raxb8 16. b4 Bxc3+ 17. Nxc3 Ne5 18. Qf4 Ng6 19. Qc7 Nh4 20. O-O bxc5
21. bxc5 Rbc8 22. Qxa7 Rxc5 23. Qxc5 h6 24. Ne4 f5 25. Qe7 1-0

[Event "AUTO-ADV-2940"]
[Site "http://www.queenalice.com/game.php?id=1210750"]
[Date "2013.8.23"]
[Round "1"]
[White "dladuke7"]
[Black "IlTurlaghino"]
[Result "0-1"]
[WhiteElo "1590"]
[BlackElo "1954"]

1. e4 Nf6 2. Nc3 c6 3. e5 Nd5 4. Nxd5 cxd5 5. Nf3 e6 6. Bd3 Nc6 7. O-O d6 8.
exd6 Bxd6 9. Bb5 Bd7 10. d3 O-O 11. c3 Qc7 12. d4 a6 13. Bxc6 Bxc6 14. Be3 b5
15. Ne5 Bxe5 16. dxe5 Qxe5 17. Re1 Qc7 18. Bc5 Rfe8 19. b4 e5 20. Qg4 Re6 21.
Re3 Rg6 22. Qh4 d4 23. Rg3 d3 24. Rxg6 hxg6 25. f3 f6 26. Rd1 Rd8 27. Kf1 Bd5
28. Rxd3 Bc4 0-1

[Event "AUTO-ADV-2940"]
[Site "http://www.queenalice.com/game.php?id=1210751"]
[Date "2013.8.23"]
[Round "1"]
[White "IlTurlaghino"]
[Black "jcdu32"]
[Result "0-1"]
[WhiteElo "1941"]
[BlackElo "1846"]

1. d4 c6 2. c4 d5 3. Nc3 Nf6 4. e3 Bf5 5. f3 e6 6. a3 Bd6 7. c5 Be7 8. e4 dxe4
9. fxe4 Nxe4 10. Nxe4 Bxe4 11. Qg4 Bg6 12. Nf3 Qd5 13. b4 Qe4+ 14. Qxe4 Bxe4 15.
Ng5 Bg6 16. h4 Bxg5 17. Bxg5 f6 18. h5 Be4 19. Be3 Bd5 20. Rh4 Nd7 21. g4 h6 22.
Bd3 b5 23. Bg6+ Ke7 24. a4 a6 25. Kf2 Rhc8 26. a5 Rf8 27. Kg3 Rac8 28. Re1 Kd8
29. Rh2 Kc7 30. Rhe2 Kb7 31. Bf4 Rfd8 32. Bd6 Nf8 33. Bf7 Rd7 34. Bg8 Rdd8 35.
Bxf8 Rxf8 36. Bxe6 Rc7 37. Bf5 Rd8 38. Re7 Rg8 39. Bh7 Rd8 40. Kf4 Rdd7 41. Rxd7
Rxd7 42. Bf5 Rc7 43. Re8 Bf7 44. Rd8 Bd5 45. Bd7 Bf7 0-1

[Event "AUTO-ADV-2940"]
[Site "http://www.queenalice.com/game.php?id=1210752"]
[Date "2013.8.23"]
[Round "1"]
[White "jcdu32"]
[Black "IlTurlaghino"]
[Result "0-1"]
[WhiteElo "1851"]
[BlackElo "1898"]

1. e4 Nf6 2. Nc3 c6 3. Nf3 e5 4. d3 Qc7 5. Be3 Bb4 6. Be2 d5 7. O-O d4 8. a3
Bxc3 9. bxc3 dxe3 10. fxe3 Bg4 11. Nd2 h5 12. d4 Nbd7 13. Nf3 O-O-O 14. Ng5 Bxe2
15. Qxe2 Rdf8 16. Qc4 Nb6 17. Qa2 h4 18. h3 Rh5 19. Nf3 Nxe4 20. c4 Nc3 21. Qb3
Ne2+ 22. Kf2 Ng3 23. Qd3 e4 24. Qd1 Nxf1 25. Ne5 Rf5+ 0-1

[Event "AUTO-ADV-2940"]
[Site "http://www.queenalice.com/game.php?id=1210753"]
[Date "2013.8.23"]
[Round "1"]
[White "IlTurlaghino"]
[Black "luismabibbo"]
[Result "0-1"]
[WhiteElo "1923"]
[BlackElo "1893"]

1. d4 d5 2. c4 Bf5 3. cxd5 Qxd5 4. Nc3 Qd6 5. e4 Bg6 6. Nh3 Nc6 7. d5 Ne5 8. Qb3
b6 9. Bb5+ Nd7 10. Bf4 e5 11. dxe6 Qxe6 12. Qxe6+ fxe6 13. O-O-O Bd6 14. Bxd6
cxd6 15. Rxd6 O-O-O 16. Rhd1 Ngf6 17. Rxe6 Nc5 18. Rc6+ Kb8 19. f3 Rxd1+ 20.
Nxd1 Be8 21. Nf4 Bxc6 22. Bxc6 Rc8 23. b4 Rxc6 24. bxc5 Rxc5+ 25. Kb2 Rb5+ 26.
Kc3 Rb1 27. Ne3 g5 28. Ne6 h6 29. Kd4 Rd1+ 30. Ke5 Re1 31. Nf5 Nd7+ 32. Kd6 Nc5
33. Nxh6 Nxe6 34. Kxe6 Re2 35. Ng4 Rxa2 36. g3 a5 37. f4 gxf4 38. gxf4 a4 39.
Kd5 Rc2 40. e5 a3 41. Ne3 Rd2+ 42. Kc4 a2 0-1

[Event "AUTO-ADV-2940"]
[Site "http://www.queenalice.com/game.php?id=1210754"]
[Date "2013.8.23"]
[Round "1"]
[White "luismabibbo"]
[Black "IlTurlaghino"]
[Result "1-0"]
[WhiteElo "1874"]
[BlackElo "1942"]

1. e4 g6 2. Bc4 Bg7 3. d4 d6 4. Nf3 Bg4 5. h3 Bd7 6. Ng5 e6 7. Qf3 Nh6 8. d5 e5
9. Qb3 b6 10. Nc3 O-O 11. O-O Qe8 12. a4 a6 13. Be3 Kh8 14. a5 b5 15. Be2 c5 16.
dxc6 Nxc6 17. Rad1 Nxa5 18. Qb4 Nb7 19. Nd5 a5 20. Qb3 Qd8 21. Bxb5 Be6 22. Nxe6
fxe6 23. Nb6 Qe7 24. Nxa8 Rxa8 25. Bc6 a4 26. Qb5 Nf7 27. Qxb7 Qxb7 28. Bxb7 Rb8
29. Bc6 Rxb2 30. Bxa4 Rb4 31. Bb3 Rxe4 32. Bxe6 1-0

[Event "AUTO-ADV-2836"]
[Site "http://www.queenalice.com/game.php?id=1226510"]
[Date "2013.10.23"]
[Round "2"]
[White "IlTurlaghino"]
[Black "hudd"]
[Result "0-1"]
[WhiteElo "1859"]
[BlackElo "2008"]

1. d4 d5 2. c4 c6 3. Nc3 dxc4 4. e4 b5 5. a4 a6 6. b3 cxb3 7. axb5 Qb6 8. Be3
cxb5 9. Qxb3 Qb7 10. Nf3 e6 11. Bd3 Nf6 12. e5 Nfd7 13. Be4 Nc6 14. O-O Be7 15.
d5 exd5 16. Bxd5 O-O 17. Ne4 Nb6 18. Nc5 Bxc5 19. Bxc5 Be6 20. Bxe6 fxe6 21.
Bxf8 Rxf8 22. Qxe6+ Kh8 23. Rfc1 Nd8 24. Qd6 Rg8 0-1

[Event "AUTO-ADV-2836"]
[Site "http://www.queenalice.com/game.php?id=1226511"]
[Date "2013.10.23"]
[Round "2"]
[White "hudd"]
[Black "IlTurlaghino"]
[Result "1-0"]
[WhiteElo "1997"]
[BlackElo "1870"]

1. e4 Nf6 2. Nc3 d5 3. e5 Ng4 4. d4 g6 5. h3 Nh6 6. Nf3 Bg7 7. Be2 e6 8. Bg5 Qd7
9. O-O Nf5 10. Nh4 h6 11. Nxf5 gxf5 12. Bf4 a6 13. b3 Qc6 14. Na4 Nd7 15. Bf3 b5
16. Nb2 Qc3 17. Rb1 c5 18. Be3 Bb7 19. Qd3 cxd4 20. Bxd4 Qc7 21. Rfe1 Nxe5 22.
Bxe5 Bxe5 23. c4 dxc4 24. bxc4 Rd8 25. Qc2 Bxf3 26. gxf3 1-0

[Event "AUTO-ADV-2836"]
[Site "http://www.queenalice.com/game.php?id=1226512"]
[Date "2013.10.23"]
[Round "2"]
[White "IlTurlaghino"]
[Black "CNJEDUARDO"]
[Result "0-1"]
[WhiteElo "1826"]
[BlackElo "2021"]

1. d4 Nf6 2. c4 g6 3. Nc3 Bg7 4. e4 d6 5. f3 O-O 6. Be3 c6 7. Bd3 e5 8. d5 Nfd7
9. b4 a5 10. a3 Na6 11. Na2 c5 12. b5 Nc7 13. Qd2 b6 14. O-O-O f5 15. f4 exf4
16. Bxf4 Qf6 17. Bxd6 Qxd6 18. Nf3 f4 19. Nc3 Ne5 20. Ne2 Bg4 21. Neg1 Qf6 22.
Qc2 Rfc8 23. a4 Ne8 24. h3 Nxf3 25. gxf3 Bd7 26. h4 Qa1+ 27. Kd2 Qd4 28. Re1 Nf6
0-1

[Event "AUTO-ADV-2836"]
[Site "http://www.queenalice.com/game.php?id=1226513"]
[Date "2013.10.23"]
[Round "2"]
[White "CNJEDUARDO"]
[Black "IlTurlaghino"]
[Result "1-0"]
[WhiteElo "2029"]
[BlackElo "1818"]

1. e4 Nf6 2. e5 Nd5 3. d4 c5 4. dxc5 e6 5. c4 Nb4 6. a3 N4c6 7. b4 Nxe5 8. Nf3
Qc7 9. Bb2 Nbc6 10. Be2 a5 11. b5 Nxf3+ 12. Bxf3 Ne5 13. O-O Nxc4 14. Bd4 e5 15.
Re1 Bxc5 16. Qd3 Bxd4 17. Ra2 a4 18. Qxd4 d6 19. Rc2 Be6 20. Qd3 Qd7 21. Rxc4
Bxc4 22. Qxc4 O-O 23. Bg4 Qd8 24. Nc3 Qg5 25. Qe2 f5 26. Bh3 Rfc8 27. Nd5 Rc5
28. f4 exf4 29. Qe6+ 1-0

[Event "AUTO-ADV-3015"]
[Site "http://www.queenalice.com/game.php?id=1235600"]
[Date "2013.11.27"]
[Round "1"]
[White "luizpessoa"]
[Black "IlTurlaghino"]
[Result "1-0"]
[WhiteElo "1849"]
[BlackElo "1888"]

1. e4 Nf6 2. Nc3 d5 3. e5 Nfd7 4. d4 e6 5. Nf3 c5 6. dxc5 Nc6 7. Bg5 Qa5 8. Be3
Nxc5 9. a3 Qb6 10. b4 Nxb4 11. Bxc5 Qxc5 12. Qd2 Nc6 13. Nb5 Kd7 14. c4 a6 15.
cxd5 exd5 16. Nbd4 b5 17. g3 Bb7 18. Nf5 Re8 19. Bh3 1-0

[Event "AUTO-ADV-3015"]
[Site "http://www.queenalice.com/game.php?id=1235601"]
[Date "2013.11.27"]
[Round "1"]
[White "IlTurlaghino"]
[Black "luizpessoa"]
[Result "0-1"]
[WhiteElo "1906"]
[BlackElo "1845"]

1. d4 Nf6 2. c4 d6 3. Nc3 Bg4 4. f3 Bf5 5. e4 Bd7 6. Bd3 a6 7. Be3 e5 8. Nge2 c6
9. b4 b6 10. O-O h6 11. Qc2 a5 12. a3 Be7 13. dxe5 dxe5 14. c5 b5 15. f4 exf4
16. Bxf4 a4 17. e5 Nd5 18. Nxd5 cxd5 19. Nc3 Bc6 0-1

[Event "AUTO-ADV-3015"]
[Site "http://www.queenalice.com/game.php?id=1235608"]
[Date "2013.11.27"]
[Round "1"]
[White "Hourglass"]
[Black "IlTurlaghino"]
[Result "1-0"]
[WhiteElo "1974"]
[BlackElo "1956"]

1. e4 Nf6 2. e5 Nd5 3. c4 Nb6 4. Nc3 e6 5. Nf3 g6 6. d4 Bg7 7. c5 Nd5 8. Nxd5
exd5 9. Be2 O-O 10. O-O d6 11. cxd6 cxd6 12. Bf4 dxe5 13. Nxe5 Nc6 14. Bg3 Qb6
15. Nxc6 bxc6 16. Bd6 Re8 17. Bc5 Qxb2 18. Bf3 Ba6 19. Re1 Rxe1+ 20. Qxe1 Bxd4
21. Bxd4 1-0